000 01081nam a22002537a 4500
001 81466
003 BD-RjUL
005 20230902190745.0
008 230525s2016 bg a|||| m||| 00| 0 eng d
035 _a(BD-RjUL)81466
040 _aBD-RjUL
_beng
_cBD-RjUL
_dBD-RjUL
041 _aeng
082 _223
_a641.3095492
_bAHD 2016
100 _aAhmmed. Lokonnuzzaman
_97690
245 1 0 _aDetermination of the Bio-Chemical parameters and the amount of trace and toxic metals in baby foods, Jams, jellies and juices available in Bangladesh /
_cSubmitted by Lokonnuzzaman Ahmmed ;
_6Supervisor : Md. Nazrul Islam, Co-Supervisor : M. Saidul Islam,
260 _aRajshahi :
_bDepartment of Chemistry, University of Rajshahi,
_c2016
300 _axxix, 274 leaves :
_bill, ;
_c29.cm.
502 _aThesis (Ph. D.) -- Department of Chemistry, University of Rajshahi, 2016
504 _aReferences : Leaves 268 - 269
650 _aFood and drink
_zBangladesh
_97691
700 _aIslam, Md. Nazrul, Supervisor
_97692
700 _aIslam, M. Saidul, Co-Supervisor
_97693
942 _2ddc
_cTHE
999 _c81466
_d81466